• 首页
  • 本馆介绍
  • 公告通知
  • 最新文献
  • 馆藏检索
  • 电子资源
  • 读者导购
  • 参考咨询
  • 我的图书馆
  • 登录
  • 详细信息显示
  • 放入我的书架
  • 预约/预借图书
  • 作者相关作品
  • 分类相关作品
  • 丛书相关作品
  • 出版社相关作品

书目信息

  • 表格格式
  • 工作单格式
  • 卡片格式
题名:
长笛吹奏入门
    
 
作者: 李国良 编著
分册:  
出版信息: 上海   上海音乐出版社  1999
页数: 236页
开本: 26cm
丛书名:
单 册:
中图分类: J632.11
科图分类:
主题词: 民族器乐--理论 , 民族乐器--奏法
电子资源:
ISBN: 7-80553-659-7
000 00537nam0 2200205 45
001 0009181682
005 20040513090435.2
010    @a7-80553-659-7@dCNY15.00
100    @a20000918d1999 km y0chiy0120 ea
101 0  @achi
105    @a z 000yy
200 1  @a长笛吹奏入门@f李国良编著@FLi Guo Liang Bian Zhu
210    @a上海@c上海音乐出版社@d1999
215    @a236页@d26cm
606 0  @a民族器乐@x理论
606 0  @a民族乐器@x奏法
690    @aJ632.11@v3
701  0 @a李国良@4编著
801    @aCN@bTSTC@c20000918
905    @dJ632.11@e21
    
    长笛吹奏入门/李国良编著.-上海:上海音乐出版社,1999
    236页;26cm
    
    
    ISBN 7-80553-659-7:CNY15.00
    
●
相关链接 在E读中查询图书 在五车中查询图书 在当当中查询图书 在豆瓣中查询图书


正题名:长笛吹奏入门     索取号:J632.11/21         预约/预借

序号 登录号 条形码 馆藏地/架位号 状态 备注
1 0290236   002902363   第一借阅区/ [索取号:J632.11/21] 在馆    
2 0290236   000002363   第一借阅区/ [索取号:J632.11/21] 在馆    
3 0290237   002902372   第一借阅区/ [索取号:J632.11/21] 在馆    
4 0290238   002902381   第一样本阅览室/ [索取号:J632.11/21] 在馆    
唐山师范学院图书馆 欢迎您!
大连网信软件有限公司© 版权所有